Kürtler (Record no. 8374)

MARC details
000 -BAŞLIK
Sabit Uzunlukta Kontrol Alanı 00979na a2200325 4500
001 - KONTROL NUMARASI
Denetim Alanı 13056
003 - KONTROL NUMARASI IDENTIFIER
Denetim Alanı MIRAKIL
005 - SON İŞLEM TARİHİ VE ZAMANI
Denetim Alanı 20181213155209.0
008 - SABİT-BOY VERİ ELEMANLARI - GENEL BİLGİLER
Sabit Uzunlukta Kontrol Alanı 161001b tu 000 0
035 ## - SİSTEM KONTROL NUMARASI
Sistem Kontrol Numarası 13056
040 ## - KATALOGLAMA KAYNAK
Orijinal Kataloglama Ajansı Milas
Kataloglama Dili tur
Metne Dönüştürmek Ajansı TR-AnCHP
041 ## - DİL KODU
Metin / Ses Parça Veya Ayrı Başlığın Dil Kodu tur
082 ## - DEWEY ONLU SINIFLANDIRMA NUMARASI
Sınıflandırma Numarası 322.409561
Ürün Numarası G74k 1991
090 ## - SINIFLAMA NUMARASI
Sınıflama Numarası 322.4209561 G74k 1991
100 ## - ANA GİRİŞ - KİŞİSEL İSİM
Kişisel Ad Göktaş, Hıdır
245 ## - BAŞLIK TABLOSU
Başlık Kürtler
Başlığın Kalan İsyan-tenkil
Sorumluluk Tablosu, Vb Hıdır Göktaş
246 ## - UNVAN FORM VARYING
Başlık Doğru / Kısa Başlığı İsyan-tenkil
260 ## - YAYIN, DAĞITIM, VB
Yayın, Dağıtım, Vb Yeri İstanbul
Yayıncı, Dağıtıcı, Vs Adı Alan Yayıncılık
Yayın, Dağıtım, Vb Tarihi 1991
300 ## - FİZİKSEL TANIM
Kapsam 141 s.
Diğer Fiziksel Ayrıntıları fotg.
Boyutlar 20 sm.
490 ## - SERİSİ TABLOSU
Seri Beyanı Alan yayıncılık
Hacim / Ardışık Tanımı 119
490 ## - SERİSİ TABLOSU
Seri Beyanı Düşünce dizisi
Hacim / Ardışık Tanımı 19
650 ## - KONU KATMA GİRİŞ - TOPİKAL DÖNEM
Topikal Süreli Veya Coğrafi Ad Giriş Elemanı Kürtler
Genel Alt Bölümü Siyaset ve yönetim
Coğrafi Alt Bölümü Türkiye
650 ## - KONU KATMA GİRİŞ - TOPİKAL DÖNEM
Topikal Süreli Veya Coğrafi Ad Giriş Elemanı Kürtler
Genel Alt Bölümü Tarih
Coğrafi Alt Bölümü Türkiye
650 ## - KONU KATMA GİRİŞ - TOPİKAL DÖNEM
Topikal Süreli Veya Coğrafi Ad Giriş Elemanı Kürtler
Genel Alt Bölümü Ayaklanmalar
Kronolojik Alt Bölümü Tarih
Coğrafi Alt Bölümü Türkiye
650 ## - KONU KATMA GİRİŞ - TOPİKAL DÖNEM
Topikal Süreli Veya Coğrafi Ad Giriş Elemanı Kürt isyanları
Genel Alt Bölümü Tarih
Coğrafi Alt Bölümü Türkiye
651 ## - KONU KATMA GİRİŞ - COĞRAFİ ADI
Coğrafi İsim Türkiye
Genel Alt Bölümü Siyaset ve yönetim
Kronolojik Alt Bölümü Etnik ilişkiler
942 ## - EKLENDİ GİRİŞ ELEMANLARI (KOHA)
Sınıflandırma Veya Raf Düzeni Kaynak Dewey Decimal Classification
Koha Öğesi Türü Books
999 ## - SİSTEM KONTROL NUMARALARI (KOHA)
Koha Biblionumber 8374
Koha Biblioitemnumber 8374
657 ## - INDEX SÜRE - İŞLEVİ
-- Kürt meselesi
657 ## - INDEX SÜRE - İŞLEVİ
-- İsyanlar
-- Türkiye
Holdings
Kalıcı Konum Mevcut Konum Edinme Tarihi Edinim Kaynak Toplam Check-Out'Lar Tam Çağrı Numarası Barkod Tarih Son Görülme İtibaren Geçerli Fiyatlar Koha Öğesi Türü
CHP Kütüphanesi CHP Kütüphanesi 08/04/2016 Bağış   322.4209561 G74k 1991 000626 08/04/2016 08/04/2016 Books